| 000 | 00958nam a22002177a 4500 | ||
|---|---|---|---|
| 005 | 20111205141016.0 | ||
| 010 | _aB-454796 | ||
| 020 |
_a9788179931981 _c185.00 |
||
| 035 | _aB-454796 | ||
| 037 |
_aBlue Berry/Ven _bDPL |
||
| 082 | _a363.73874 | ||
| 100 |
_aSah, Snigdha _946572 |
||
| 245 |
_a101 Facts Climate Change / _cby Snigdha Sah; edited by Pallavi Sah; illustrated by Yatindra Kumar, Vijay Nipane and Neeraj Riddlan |
||
| 260 |
_aNew Delhi _bTeri Press _c2008 |
||
| 270 |
_aDarbari Seth Block, IHC Complex, Lodhi Road _bNew Delhi _e110003 |
||
| 300 |
_a46p. _bcol.ill _c28cm. (Hb) |
||
| 490 |
_a101 Facts _946573 |
||
| 942 |
_2ddc _cCH _mSAH _h363.73874 |
||
| 999 |
_c58979 _d58979 |
||